Logo BPK

Bibliografia Prac Pracowników

Politechniki Koszalińskiej

A correction method for projects of system safety from the risk minimization criterion (Rekord nr 9127)

Szczegóły MARC
000 -ETYKIETA REKORDU
podpole kontrolne o stałej długości 00669naa a2200169 i 4500
001 - NUMER KONTROLNY REKORDU
podpole kontrolne 9127
003 - IDENTYFIKATOR NUMERU KONTROLNEGO REKORDU
podpole kontrolne KOSZ 005
005 - DATA OSTATNIEJ MODYFIKACJI REKORDU
podpole kontrolne 20180502131900.0
008 - POLE O STAŁEJ DŁUGOŚCI - DANE KONTROLNE
podpole kontrolne o stałej długości 180317s2011 pl |000 0 eng
040 ## - ŹRÓDŁO KATALOGOWANIA
Instytucja, która sporządziła opis KOSZ 005/HR
Instytucja, która utworzyła rekord KOSZ 005/HR
100 1# - NAZWA OSOBOWA
Nazwa osobowa YATSKO, Andriy
Instytucja Politechnika Koszalińska - Wydział Inżynierii Lądowej, Środowiska i Geodezji.
245 10 - TYTUŁ/ODPOWIEDZIALNOŚĆ
Tytuł A correction method for projects of system safety from the risk minimization criterion
Pozostałe elementy strefy tytułu i oznaczenia odpowiedzialności Andrzej Yatsko.
650 #4 - HASŁO PRZEDMIOTOWE W FORMIE NAZWY OGÓLNEJ LUB JEDNOSTKOWEJ
Nazwa ogólna lub geograficzna Geometria.
650 #4 - HASŁO PRZEDMIOTOWE W FORMIE NAZWY OGÓLNEJ LUB JEDNOSTKOWEJ
Nazwa ogólna lub geograficzna Programowanie.
773 0# - TYTUŁ DOKUMENTU MACIERZYSTEGO
Wyrażenie wprowadzające W:
Tytuł Prace Naukowe. Matematyka / Akademia im. Jana Długosza w Częstochowie. -
Informacje dotyczące relacji 2011, Z. 16, s. 95-100
942 ## - HASŁO DODATKOWE - ELEMENTY(KOHA)
Schemat klasyfikacji Uniwersalna klasyfikacja dziesiętna
Typ dokumentu Artykuł

Brak dostępnych egzemplarzy.

© 2014 Biblioteka Politechniki Koszalińskiej :: BIBLIOGRAFIA PRAC PRACOWNIKÓW